[Event "Noisy le Grand op"]
[Site "Noisy le Grand"]
[Date "2003.??.??"]
[Round "2"]
[White "Bonnichon, Bruno"]
[Black "Egger, Jean Marie"]
[Result "1-0"]
[WhiteElo "1510"]
[BlackElo "1350"]
[PlyCount "55"]
[EventDate "2003.05.??"]
[EventType "swiss"]
[EventRounds "7"]
[EventCountry "FRA"]
[SourceTitle "EXT 2005"]
[Source "ChessBase"]
[SourceDate "2004.11.15"]
[SourceVersion "1"]
[SourceVersionDate "2004.11.15"]
[SourceQuality "1"]

1. c4 e5 2. g3 Nf6 3. Bg2 d6 4. Nc3 c6 5. d4 Nbd7 6. dxe5 Nxe5 7. b3 Be7 8. Nf3 Nxf3+ 9. Bxf3 Bh3 10. e3 g5 11. Bb2 g4 12. Be2 Qa5 13. Qd2 0-0-0 14. Ne4 Qxd2+ 15. Nxd2 Rhg8 16. 0-0-0 d5 17. Bd3 Bg2 18. Bf5+ Kb8 19. Rhg1 Bh3 20. Be5+ Ka8 21. Bxf6 Bxf6 22. Bxh7 Rg7 23. Bf5 d4 24. Ne4 Be5 25. f4 Bxf4 26. gxf4 b6 27. Rxd4 Rxd4 28. exd4 1-0

[Event "Noisy le Grand op"]
[Site "Noisy le Grand"]
[Date "2003.??.??"]
[Round "3"]
[White "Maurice, Olivier"]
[Black "Bonnichon, Bruno"]
[Result "1-0"]
[WhiteElo "1770"]
[BlackElo "1510"]
[PlyCount "123"]
[EventDate "2003.05.??"]
[EventType "swiss"]
[EventRounds "7"]
[EventCountry "FRA"]
[SourceTitle "EXT 2005"]
[Source "ChessBase"]
[SourceDate "2004.11.15"]
[SourceVersion "1"]
[SourceVersionDate "2004.11.15"]
[SourceQuality "1"]

1. e4 Nf6 2. Nc3 d6 3. d4 g6 4. f4 Bg7 5. a3 c6 6. Nf3 Bg4 7. Be2 0-0 8. 0-0 c5 9. dxc5 dxc5 10. Qxd8 Rxd8 11. Be3 b6 12. Rad1 Nbd7 13. e5 Ne8 14. Nd5 e6 15. Ne7+ Kf8 16. Nc6 Rdc8 17. Rxd7 Rxc6 18. h3 Bf5 19. Ng5 Rc7 20. Rd2 h6 21. Nf3 Ke7 22. Rfd1 Be4 23. Ne1 f6 24. Bf3 Bxf3 25. Nxf3 Rb8 26. c4 Rbb7 27. Kf2 Rd7 28. Ke2 Rxd2+ 29. Rxd2 Rd7 30. b4 Rxd2+ 31. Kxd2 cxb4 32. axb4 Nc7 33. exf6+ Kxf6 34. Ne5 b5 35. Bxa7 bxc4 36. Nxc4 Kf5 37. Bb8 Nb5 38. Nd6+ Nxd6 39. Bxd6 Ke4 40. Be5 Bf8 41. Kc3 Kd5 42. Bc7 Bg7+ 43. Be5 Bf8 44. Bc7 Bg7+ 45. Kd3 Bd4 46. b5 Bg1 47. b6 Kc6 48. Ke4 g5 49. f5 exf5+ 50. Kxf5 g4 51. Kxg4 Be3 52. Bf4 Bxb6 53. Bxh6 Kd7 54. Kf5 Bd4 55. Kg6 Ke6 56. g4 Kd5 57. h4 Ke4 58. Bg7 Be3 59. g5 Kf3 60. h5 Kg4 61. h6 Bxg5 62. h7 1-0